[Event "12th KIIT International 2019"]
[Site "Odisha"]
[Date "2019.05.31"]
[Round "1"]
[White "Amonatov, Farrukh"]
[Black "Rindhiya V"]
[Result "1-0"]
[WhiteElo "2624"]
[BlackElo "1832"]
[Annotator "TA"]
[PlyCount "71"]
[EventDate "2019.05.31"]
[EventType "swiss"]
[EventCountry "IND"]
[SourceTitle "playchess.com"]
[Source "ChessBase"]
[SourceQuality "1"]

{[%evp 26,71,43,11,34,14,19,14,39,37,51,43,100,96,94,106,120,112,117,112,190,189,215,208,205,197,195,158,281,254,363,351,428,421,428,424,418,404,454,438,664,712,679,643,611,613,575,538]} 1. e4 e5 2. Nf3 Nc6 3. Bb5 a6 4. Ba4 Nf6 5. O-O Be7 6. Re1 b5 7. Bb3 O-O 8. h3 d6 9. c3 Na5 10. Bc2 c5 11. d4 Qc7 12. Nbd2 cxd4 13. cxd4 Nc6 14. a3 exd4 {C99: Closed Ruy Lopez: Chigorin Defence: 11 d4 Qc7 12 Nbd2 cxd4} 15. Nb3 Bb7 16. Bf4 {[#]} Qb6 $146 {The position is equal.} ({Predecessor:} 16... Nh5 17. Bd2 g6 18. Rc1 Qd7 19. Bh6 d3 20. Qxd3 Rfd8 21. Bb1 Rac8 22. Ba2 {1-0 (69) Serban,F (2611)-Tiits,T (2585) ICCF email 2009}) 17. Nbxd4 Nxd4 18. Nxd4 d5 (18... Rfe8 $14) 19. e5 $16 ({Reject} 19. exd5 $6 Nxd5 20. Be5 Bf6 $11) 19... Ne4 20. Be3 Bc5 21. b4 Bxd4 22. Bxd4 Qd8 {[#]} (22... Qh6 $16) 23. Qg4 $1 $18 f5 24. exf6 $1 Nxf6 25. Qg3 Qd7 26. Qh4 $40 {[%mdl 128] Threatens to win with Bxh7+! White has strong attack.} h6 (26... Rae8 $16 27. Rec1 Rf7) 27. Re3 Ne4 (27... Rac8 $142) 28. f3 ({Not} 28. Bxe4 dxe4 29. Rd1 Rf7 $16) 28... Ng5 29. Rae1 {[%cal Ba1e1,Be1e3,Be3e7][%mdl 32] [#] aiming for Re7!} Rae8 30. Qh5 {[%cal Re3e8]} Rxe3 31. Rxe3 ({Weaker is} 31. Bxe3 Re8 $16) 31... Qf7 32. Qxf7+ {White is clearly winning.} Nxf7 (32... Kxf7 $142 33. Bc5 Bc8 34. Bxf8 Kxf8) 33. Re7 Bc6 34. Bg6 Be8 35. Kf2 Bc6 36. Rc7 {Accuracy: White = 92%, Black = 43%.} 1-0

[Event "12th KIIT International 2019"]
[Site "Odisha"]
[Date "2019.05.31"]
[Round "1"]
[White "Turov, Maxim"]
[Black "Sarath Chandra K"]
[Result "1-0"]
[WhiteElo "2579"]
[BlackElo "1829"]
[Annotator "TA"]
[PlyCount "91"]
[EventDate "2019.05.31"]
[EventType "swiss"]
[EventCountry "IND"]
[SourceTitle "playchess.com"]
[Source "ChessBase"]
[SourceQuality "1"]

{[%evp 18,91,21,19,38,32,71,37,35,36,56,55,51,41,117,106,110,118,118,121,112,120,110,108,105,118,191,179,187,176,181,179,199,196,198,198,210,190,187,187,291,293,293,283,270,225,486,484,439,414,449,453,610,597,1241,1238,1100,1199,1196,1196,1173,1167,1021,962,1145,1101,1694,1587,29983,29984,29980,29981,29987,29987,29985,29985]} 1. d4 Nf6 2. Nf3 e6 3. c4 b6 4. g3 Bb7 5. Bg2 Be7 6. O-O O-O 7. Re1 d5 8. cxd5 exd5 9. Nc3 Nbd7 10. Bf4 a6 {E17: Queen's Indian: 4 g3 Bb7 5 Bg2 Be7} 11. Rc1 Re8 12. Ne5 (12. e4 $5) 12... Bd6 {[%cal Rd7e5] White is slightly better.} 13. Nd3 Nf8 14. Bg5 {aiming for Nxd5!} Be7 $1 {[#]} 15. Qb3 $146 {Threatens to win with Bxf6.} ({Predecessor:} 15. Nf4 Ne4 16. Bxe7 Rxe7 17. Qb3 {1-0 (73) Dragun,K (2530)-Krzyzanowski,M (2336) Koszalin 2014}) 15... Ne4 (15... Ne6 $14 16. Bxf6 Bxf6) 16. Bxe7 $16 Rxe7 {[#]} 17. Nc5 $1 $36 {[%cal Rc5b7][%mdl 2048] Keeping Black busy.} bxc5 18. Qxb7 Rb8 19. Qxd5 Nxc3 20. bxc3 cxd4 21. Qxd4 Qxd4 (21... Qe8 $16) 22. cxd4 $18 Rb2 23. e3 Rxa2 24. Ra1 Rxa1 25. Rxa1 {[%mdl 4096] Endgame KRB-KRN} g6 26. Rxa6 Kg7 27. Rc6 Ne6 28. Bd5 h6 (28... Nd8 {was worth a try.}) 29. Bxe6 fxe6 {KR-KR} 30. Kg2 Kf7 31. Kf3 Rd7 $2 (31... Ke8 32. Ke4 g5) 32. h4 Kf6 33. Kf4 h5 34. f3 Kf7 35. g4 hxg4 36. fxg4 Kf6 37. g5+ Ke7 38. Kf3 Kf7 39. Ke4 Ke7 40. Kf4 Kf7 41. e4 Rxd4 42. Rxc7+ Kg8 {[#]} 43. Ke5 $1 {White mates.} Rb4 44. Kf6 Rxe4 45. Kxg6 {[%cal Rc7c8]} Kf8 46. h5 {Accuracy: White = 77%, Black = 32%.} 1-0

[Event "12th KIIT International 2019"]
[Site "Odisha"]
[Date "2019.05.31"]
[Round "1"]
[White "Debashis, Das"]
[Black "Aditya Varun Gampa"]
[Result "1-0"]
[WhiteElo "2544"]
[BlackElo "1826"]
[Annotator "TA"]
[PlyCount "37"]
[EventDate "2019.05.31"]
[EventType "swiss"]
[EventCountry "IND"]
[SourceTitle "playchess.com"]
[Source "ChessBase"]
[SourceQuality "1"]

{[%evp 14,48,35,16,20,18,14,16,15,15,23,0,66,56,83,99,138,125,185,172,220,193,323,296,357,339,29990,29991,29993,29994,29996,29997,29997,29998,29998,29999,29999]} 1. d4 Nf6 2. c4 e6 3. Nc3 Bb4 4. e3 b6 5. Bd3 Bb7 6. Nf3 Ne4 7. O-O f5 8. Ne2 Bd6 {E43: Nimzo-Indian: Rubinstein: 4...b6} 9. b3 O-O 10. Bb2 Qf6 {The position is equal.} 11. Ne5 $146 ({Predecessor:} 11. Rc1 Qh6 12. Ne5 Nc6 13. Ng3 Nf6 14. Be2 Rad8 15. Bf3 Qh4 16. Nxc6 {½-½ (16) Voyna,A (2617)-Neumann,J (2685) ICCF corr 2002}) 11... Qh6 12. Nf4 g5 (12... Nc6 $11) 13. Nh5 $14 Nd2 14. Qxd2 {And now Be2 would win.} Qxh5 15. d5 Bxe5 (15... g4 $16) 16. Bxe5 $18 d6 17. Bb2 e5 {[#]} (17... exd5 {was necessary.} 18. cxd5 (18. Qc3 Qg6 $18) 18... Nd7) 18. f4 $1 {[%cal Rf4e5]} e4 {[#]} 19. Qc3 {Played: Bd3xe4} 1-0

[Event "12th KIIT International 2019"]
[Site "Odisha"]
[Date "2019.05.31"]
[Round "1"]
[White "Malakhatko, Vadim"]
[Black "Abhay Bandewar"]
[Result "1-0"]
[WhiteElo "2512"]
[BlackElo "1818"]
[Annotator "TA"]
[PlyCount "93"]
[EventDate "2019.05.31"]
[EventType "swiss"]
[EventCountry "IND"]
[SourceTitle "playchess.com"]
[Source "ChessBase"]
[SourceQuality "1"]

{[%evp 16,93,6,0,0,-7,0,0,0,0,10,0,0,0,0,0,0,-17,12,14,16,18,20,10,33,33,70,74,53,62,67,72,58,53,132,41,44,21,28,33,185,150,135,127,131,112,112,109,103,110,108,112,106,114,117,91,175,173,242,94,79,57,59,56,201,106,197,105,408,142,190,148,714,188,253,176,722,164,784,214]} 1. Nf3 d5 2. c4 c6 3. e3 Nf6 4. Nc3 Nbd7 5. d4 e6 6. Bd3 dxc4 7. Bxc4 b5 8. Bd3 a6 9. a4 {[%cal Ra4b5]} b4 {D48: Semi-Slav: Meran System: 7...b5 8 Bd3 a6} (9... Bb7 10. b3 b4 11. Ne4 c5 12. Nxf6+ gxf6 13. Bb2 cxd4 14. exd4 Qc7 15. Rc1 Qf4 16. Be2 Bd6 17. g3 {½-½ (40) Akobian,V (2625)-Shankland,S (2731) Saint Louis 2019}) 10. Ne4 Bb7 11. Nxf6+ $1 Nxf6 {The position is equal.} 12. Qe2 c5 13. dxc5 Bxc5 14. e4 h6 15. Bf4 $146 ({Predecessor:} 15. O-O Qb6 16. Bf4 O-O {1-0 (45) Lushenkov,M (2434)-Chukavin,K (2307) chess.com INT 2019}) 15... O-O 16. h3 Qb6 17. a5 Qa7 18. O-O Rfd8 19. Nd2 Rd7 20. Nb3 Bd4 21. Nxd4 Qxd4 {[%mdl 64] Double Attack} 22. Rfd1 Qc5 23. Be3 Qe5 24. f3 Rd6 (24... Nh5 $14) 25. Rdc1 (25. f4 $16 Qh5 26. Qxh5 Nxh5 27. e5) 25... Rad8 $14 26. Rc5 Qg3 27. Bc2 {e5 is the strong threat.} Rc8 $2 (27... Nd7 $1 $14 28. Rc7 Bc6) 28. Rxc8+ Bxc8 29. Qc4 Bd7 30. Qxb4 Bb5 31. Qe1 $36 {[%mdl 2048] White is really pushing.} Qe5 32. Qc3 Qxc3 33. bxc3 {And now c4! would win.} Rc6 34. Bd4 Nd7 35. e5 Nc5 (35... Rc8 $16 {was necessary.}) 36. Rb1 $18 {Black must now prevent c4!} Rc8 (36... g6 $142 37. Rb4 Be2) 37. Kf2 (37. c4 $1 $18 {[%cal Rc4b5] and the rest is easy.} Bd7 38. Rb6) 37... Na4 $16 38. Rb3 Nc5 39. Ra3 Kf8 {[#]} (39... Nd3+ $14 40. Kg3 Nc1) 40. Ke3 ({Better is} 40. c4 $1 $18 {[%cal Rc4b5][%mdl 512]} Be8 (40... Bxc4 41. Rc3) 41. Ke3) 40... Ke7 {[#]} (40... Bc4 $16 41. f4 Bf1) 41. f4 (41. c4 $1 $18 {[%cal Rc4b5][%mdl 512]} Be8 (41... Bxc4 42. Rc3) 42. Bc3) 41... Kd7 $2 {[%mdl 8192] [#]} (41... Bc4 $16 42. g4 Kd7) 42. Ra1 $2 (42. c4 $1 $18 {[%mdl 512]}) 42... Kc6 43. Rb1 Kc7 $2 {[%mdl 8192]} (43... Kd7 $16 44. g4 Nb7) 44. g4 $2 (44. Bxc5 Kb8 45. Kd4) 44... Nb7 (44... Kd7 {keeps fighting.} 45. Rb4 Nb7) 45. Ra1 Nc5 $2 (45... g5 46. Be4 Kb8) 46. f5 $2 (46. Bxc5 Rh8 47. Rb1) 46... Bc4 $2 (46... Kd8 47. Rb1 Kd7) 47. Rb1 $2 {Accuracy: White = 39%, Black = 25%.} (47. Bxc5 Bb5 48. Rb1) 1-0

[Event "12th KIIT International 2019"]
[Site "Odisha"]
[Date "2019.05.31"]
[Round "1"]
[White "Malakhatko, Vadim"]
[Black "Abhay Bandewar"]
[Result "*"]
[WhiteElo "2512"]
[BlackElo "1818"]
[Annotator "TA"]
[PlyCount "53"]
[EventDate "2019.05.31"]
[EventType "swiss"]
[EventCountry "IND"]
[SourceTitle "playchess.com"]
[Source "ChessBase"]
[SourceQuality "1"]

{[%evp 16,53,0,0,0,0,0,0,0,0,0,0,0,0,0,0,16,-11,14,18,9,15,23,9,38,25,70,77,52,56,59,62,66,64,126,36,38,0,93,-264]} 1. Nf3 d5 2. c4 c6 3. e3 Nf6 4. Nc3 Nbd7 5. d4 e6 6. Bd3 dxc4 7. Bxc4 b5 8. Bd3 a6 9. a4 {[%cal Ra4b5]} b4 {D48: Semi-Slav: Meran System: 7...b5 8 Bd3 a6} (9... Bb7 10. b3 b4 11. Ne4 c5 12. Nxf6+ gxf6 13. Bb2 cxd4 14. exd4 Qc7 15. Rc1 Qf4 16. Be2 Bd6 17. g3 {½-½ (40) Akobian,V (2625)-Shankland,S (2731) Saint Louis 2019}) 10. Ne4 Bb7 11. Nxf6+ Nxf6 {The position is equal.} 12. Qe2 c5 13. dxc5 Bxc5 14. e4 h6 15. Bf4 $146 ({Predecessor:} 15. O-O Qb6 16. Bf4 O-O {1-0 (45) Lushenkov,M (2434)-Chukavin,K (2307) chess.com INT 2019}) 15... O-O 16. h3 Qb6 17. a5 Qa7 18. O-O Rfd8 19. Nd2 Rd7 {Threatens to win with ...Rad8.} 20. Nb3 Bd4 21. Nxd4 Qxd4 {[%mdl 64] [#] Double Attack} 22. Rfd1 Qc5 23. Be3 Qe5 24. f3 Rd6 (24... Nh5 $1 $14) 25. Rdc1 ({Better is} 25. f4 $16 Qh5 26. Qxh5 Nxh5 27. e5) 25... Rad8 $14 26. Rd1 g6 (26... Ra8 $11 {remains equal.}) 27. Qe1 $2 {[%mdl 8192] Accuracy: White = 58%, Black = 52%.} (27. Bb6 $16 {stays on course.} R8d7 28. Qc2) *

[Event "12th KIIT International 2019"]
[Site "Odisha"]
[Date "2019.05.31"]
[Round "1"]
[White "Rahman, Ziaur"]
[Black "Srujan Keerthan Solletti"]
[Result "1-0"]
[WhiteElo "2485"]
[BlackElo "1813"]
[Annotator "ChessBase"]
[PlyCount "77"]
[EventDate "2019.05.31"]
[EventType "swiss"]
[EventCountry "IND"]
[SourceTitle "playchess.com"]
[Source "ChessBase"]
[SourceQuality "1"]
[TimeControl "40/5400+30:1800+30"]

1. Nf3 {[%emt 0:00:00]} Nf6 {[%emt 0:00:38]} 2. c4 {[%emt 0:00:02]} e6 {[%emt 0:00:37]} 3. g3 {[%emt 0:00:14]} d5 {[%emt 0:00:48]} 4. Bg2 {[%emt 0:00:38]} Be7 {[%emt 0:01:45]} 5. O-O {[%emt 0:00:07]} O-O {[%emt 0:00:34]} 6. b3 {[%emt 0:00:04]} b6 {[%emt 0:07:41]} 7. Bb2 {[%emt 0:00:17]} Bb7 {[%emt 0:00:06]} 8. e3 {[%emt 0:00:14]} Nbd7 {[%emt 0:01:12]} 9. Nc3 {[%emt 0:00:21]} Ne4 {[%emt 0:04:54]} 10. cxd5 {[%emt 0:02:19]} exd5 {[%emt 0:01:58]} 11. d4 {[%emt 0:02:02]} Ndf6 {[%emt 0:06:36]} 12. Qc2 {[%emt 0:05:52]} Nxc3 {[%emt 0:06:09]} 13. Bxc3 {[%emt 0:00:25]} Ne4 {[%emt 0:01:38]} 14. Bb2 {[%emt 0:00:34]} Bd6 {[%emt 0:00:57]} 15. Ne5 {[%emt 0:08:01]} c5 {[%emt 0:31:12]} 16. dxc5 {[%emt 0:01:29]} Rc8 {[%emt 0:06:07]} 17. c6 {[%emt 0:06:47]} Bxe5 {[%emt 0:04:36]} 18. Bxe5 {[%emt 0:00:28]} Bxc6 {[%emt 0:05:35]} 19. Qb2 {[%emt 0:01:26]} f6 {[%emt 0:00:36]} 20. Bd4 {[%emt 0:01:20]} Qe7 {[%emt 0:01:36]} 21. Rac1 {[%emt 0:02:35]} Qe6 {[%emt 0:02:00]} 22. a4 {[%emt 0:09:51]} Bb7 {[%emt 0:03:33]} 23. b4 {[%emt 0:01:36]} Rxc1 {[%emt 0:02:30]} 24. Rxc1 {[%emt 0:00:08]} Rc8 {[%emt 0:00:03]} 25. Rxc8+ {[%emt 0:02:00]} Qxc8 {[%emt 0:00:07]} 26. a5 {[%emt 0:00:44]} Nd6 {[%emt 0:04:56]} 27. axb6 {[%emt 0:01:54]} Nc4 {[%emt 0:00:21]} 28. Qe2 {[%emt 0:01:04]} axb6 {[%emt 0:00:27]} 29. h4 {[%emt 0:00:35]} Qf8 {[%emt 0:04:43]} 30. Qg4 {[%emt 0:01:48]} Qe7 {[%emt 0:00:33]} 31. Qf4 {[%emt 0:00:57]} Ne5 {[%emt 0:00:27]} 32. Bxb6 {[%emt 0:01:01]} Qd7 {[%emt 0:00:34]} 33. Bd4 {[%emt 0:01:03]} Nc6 {[%emt 0:00:27]} 34. Bb2 {[%emt 0:01:40]} Nd8 {[%emt 0:00:32]} 35. Qd4 {[%emt 0:02:06]} Ne6 {[%emt 0:00:28]} 36. Qb6 {[%emt 0:01:41]} Qc6 {[%emt 0:00:32]} 37. Qxc6 {[%emt 0:03:13]} Bxc6 {[%emt 0:00:03]} 38. Kf1 {[%emt 0:01:45]} Kf7 {[%emt 0:00:46]} 39. Ke2 {[%emt 0:02:02]} 1-0

[Event "12th KIIT International 2019"]
[Site "Odisha"]
[Date "2019.05.31"]
[Round "1"]
[White "Nguyen, Van Huy"]
[Black "Smaraki, Mohanty"]
[Result "1-0"]
[WhiteElo "2456"]
[BlackElo "1809"]
[Annotator "ChessBase"]
[PlyCount "78"]
[EventDate "2019.05.31"]
[EventType "swiss"]
[EventCountry "IND"]
[SourceTitle "playchess.com"]
[Source "ChessBase"]
[SourceQuality "1"]
[TimeControl "40/5400+30:1800+30"]

1. d4 {[%emt 0:00:00]} Nf6 {[%emt 0:00:00]} 2. c4 {[%emt 0:00:21]} e6 {[%emt 0:00:00]} 3. Nf3 {[%emt 0:00:28]} c5 {[%emt 0:00:00]} 4. d5 {[%emt 0:00:54]} exd5 {[%emt 0:00:00]} 5. cxd5 {[%emt 0:00:05]} d6 {[%emt 0:00:02]} 6. Nc3 {[%emt 0:00:34]} g6 {[%emt 0:00:05]} 7. Nd2 {[%emt 0:00:37]} Bg7 {[%emt 0:00:13]} 8. e4 {[%emt 0:00:14]} O-O {[%emt 0:00:11]} 9. Be2 {[%emt 0:00:12]} a6 {[%emt 0:00:36]} 10. a4 {[%emt 0:00:11]} Re8 {[%emt 0:00:07]} 11. O-O {[%emt 0:00:36]} Nfd7 12. Qc2 {[%emt 0:09:33]} Nf8 {[%emt 0:05:06]} 13. Nc4 {[%emt 0:01:47]} g5 {[%emt 0:05:16]} 14. a5 {[%emt 0:09:05]} Qe7 {[%emt 0:02:07]} 15. f4 {[%emt 0:02:14]} h6 {[%emt 1:23:47]} 16. e5 {[%emt 0:04:16]} dxe5 {[%emt 0:00:00]} 17. d6 {[%emt 0:00:16]} Qd8 {[%emt 0:00:00]} 18. fxg5 {[%emt 0:00:38]} hxg5 {[%emt 0:00:00]} 19. Nb6 {[%emt 0:05:24]} Ra7 {[%emt 0:00:00]} 20. Nxc8 {[%emt 0:00:59]} Qxc8 {[%emt 0:00:00]} 21. Bh5 {[%emt 0:00:06]} Qd8 {[%emt 0:03:00]} 22. Be2 Qc8 {[%emt 0:00:00]} 23. Bh5 Ng6 {[%emt 0:00:00]} 24. Be2 {[%emt 0:01:25]} Nf8 {[%emt 0:00:00]} 25. Bh5 {[%emt 0:01:14]} Ng6 {[%emt 0:00:00]} 26. Be2 {[%emt 0:00:00]} Nf8 {[%emt 0:00:00]} 27. Bh5 {[%emt 0:01:00]} Ng6 {[%emt 0:00:00]} 28. Be2 {[%emt 0:00:00]} Nf8 {[%emt 0:00:00]} 29. Bh5 {[%emt 0:01:00]} Ng6 {[%emt 0:00:00]} 30. Be2 {[%emt 0:00:00]} Nf8 {[%emt 0:00:00]} 31. Bh5 {[%emt 0:01:00]} Ng6 {[%emt 0:00:00]} 32. Be2 {[%emt 0:00:00]} Nf8 {[%emt 0:00:00]} 33. Bh5 {[%emt 0:01:00]} Ng6 {[%emt 0:00:00]} 34. Be2 {[%emt 0:00:00]} Nf8 {[%emt 0:00:00]} 35. Bh5 {[%emt 0:01:00]} Ng6 {[%emt 0:00:00]} 36. Be2 {[%emt 0:00:00]} Nf8 {[%emt 0:00:00]} 37. Bh5 {[%emt 0:01:00]} Ng6 {[%emt 0:00:00]} 38. Be2 {[%emt 0:00:00]} Nf8 {[%emt 0:00:00]} 39. Bh5 {[%emt 0:01:00]} Ng6 {[%emt 0:00:00]} 1-0

[Event "12th KIIT International 2019"]
[Site "Odisha"]
[Date "2019.05.31"]
[Round "1"]
[White "Laxman, R.R."]
[Black "Trivedi Karan R"]
[Result "1-0"]
[WhiteElo "2446"]
[BlackElo "1804"]
[Annotator "ChessBase"]
[PlyCount "62"]
[EventDate "2019.05.31"]
[EventType "swiss"]
[EventCountry "IND"]
[SourceTitle "playchess.com"]
[Source "ChessBase"]
[SourceQuality "1"]
[TimeControl "40/5400+30:1800+30"]

1. d4 {[%emt 1:30:30]} Nf6 {[%emt 1:30:30]} 2. Nf3 {[%emt 0:00:30]} e6 {[%emt 0:00:30]} 3. c4 b6 {[%emt 0:00:30]} 4. a3 {[%emt 0:01:00]} Bb7 {[%emt 0:00:30]} 5. Nc3 Bc8 {[%emt 0:00:30]} 6. Nb1 Bb7 7. Nc3 Be7 8. d5 {[%emt 0:02:00]} exd5 {[%emt 0:01:30]} 9. cxd5 {[%emt 0:00:30]} O-O {[%emt 0:00:30]} 10. g3 {[%emt 0:00:30]} b5 11. Bg2 a5 12. Nh4 b4 13. Nb5 d6 14. Nf5 Re8 15. axb4 axb4 16. Rxa8 Bxa8 17. Nxe7+ Qxe7 18. O-O Na6 19. Be3 Nc5 20. Qd4 Qd7 21. Qc4 Nfe4 22. Ra1 Bb7 23. Nd4 h6 24. Ra7 Nf6 25. Nc6 {[%emt 0:07:30]} Bc8 26. Bf3 Nce4 27. Nxb4 Qh3 {[%emt 0:09:00]} 28. Nd3 Qf5 29. Rxc7 Bd7 30. b4 Nxd5 31. Rxd7 Nxe3 1-0

[Event "12th KIIT International 2019"]
[Site "Odisha"]
[Date "2019.05.31"]
[Round "1"]
[White "Khusenkhojaev, Muhammad"]
[Black "Potluri Supreetha"]
[Result "1-0"]
[WhiteElo "2445"]
[BlackElo "1798"]
[Annotator "ChessBase"]
[PlyCount "183"]
[EventDate "2019.05.31"]
[EventType "swiss"]
[EventCountry "IND"]
[SourceTitle "playchess.com"]
[Source "ChessBase"]
[SourceQuality "1"]
[TimeControl "40/5400+30:1800+30"]

1. Nf3 {[%emt 0:00:00]} c5 {[%emt 0:00:00]} 2. b3 {[%emt 0:00:17]} Nc6 {[%emt 0:00:00]} 3. Bb2 {[%emt 0:00:07]} Nb8 {[%emt 0:00:40]} 4. Bc1 {[%emt 0:00:53]} Nc6 {[%emt 0:00:06]} 5. Bb2 {[%emt 0:00:07]} Nf6 {[%emt 0:02:27]} 6. c4 {[%emt 0:01:36]} e6 {[%emt 0:04:18]} 7. g3 {[%emt 0:00:57]} d5 {[%emt 0:01:19]} 8. cxd5 {[%emt 0:00:13]} exd5 {[%emt 0:00:10]} 9. Bg2 {[%emt 0:00:12]} d4 {[%emt 0:05:36]} 10. O-O {[%emt 0:01:20]} Be7 {[%emt 0:01:05]} 11. e3 {[%emt 0:01:40]} Bf5 {[%emt 0:11:36]} 12. Na3 {[%emt 0:06:10]} Bc8 {[%emt 0:00:00]} 13. Nb1 {[%emt 0:00:00]} Bf5 {[%emt 0:01:00]} 14. Na3 {[%emt 0:01:00]} Bc8 {[%emt 0:00:00]} 15. Nb1 {[%emt 0:00:00]} Bf5 {[%emt 0:01:00]} 16. Na3 O-O {[%emt 0:12:20]} 17. Nc4 {[%emt 1:23:58]} Bd3 {[%emt 0:09:00]} 18. Re1 {[%emt 0:00:00]} Nb4 {[%emt 0:03:13]} 19. Rf1 {[%emt 0:00:00]} Nc6 {[%emt 0:00:00]} 20. Re1 {[%emt 0:00:00]} Nb4 {[%emt 0:01:00]} 21. Nce5 {[%emt 0:00:00]} Nc6 {[%emt 0:00:00]} 22. Nc4 {[%emt 0:00:00]} Nb4 {[%emt 0:01:00]} 23. Nce5 Bc2 {[%emt 0:04:13]} 24. Qc1 {[%emt 0:00:00]} Bd3 {[%emt 0:00:00]} 25. Qd1 Bc2 {[%emt 0:01:00]} 26. Qc1 {[%emt 0:00:00]} Bd3 {[%emt 0:00:00]} 27. Qd1 Bc2 {[%emt 0:01:00]} 28. Qc1 {[%emt 0:00:00]} Be4 {[%emt 0:11:04]} 29. Qd1 {[%emt 0:00:00]} Bc2 {[%emt 0:00:00]} 30. Qc1 {[%emt 0:00:00]} Be4 {[%emt 0:01:00]} 31. exd4 {[%emt 0:00:00]} cxd4 {[%emt 0:01:21]} 32. Nxd4 {[%emt 0:00:00]} Bxg2 {[%emt 0:00:36]} 33. Kxg2 {[%emt 0:00:00]} Qd5+ {[%emt 0:04:20]} 34. Ndf3 {[%emt 0:00:00]} Rac8 {[%emt 0:00:52]} 35. Bc3 {[%emt 0:00:00]} Bd6 {[%emt 0:05:23]} 36. Bb2 {[%emt 0:00:00]} Be7 {[%emt 0:00:00]} 37. Bc3 {[%emt 0:00:00]} Bd6 {[%emt 0:01:00]} 38. a3 {[%emt 0:00:00]} Ne4 {[%emt 0:21:21]} 39. Qb1 {[%emt 0:00:00]} Nf6 {[%emt 0:00:00]} 40. Qc1 {[%emt 0:00:00]} Ne4 41. Qb1 {[%emt 0:00:00]} Nf6 {[%emt 0:10:39]} 42. Qc1 {[%emt 0:00:00]} Ne4 43. Qb1 {[%emt 0:00:00]} Ng5 {[%emt 0:20:29]} 44. Qc1 {[%emt 0:00:00]} Ne4 45. Qb1 {[%emt 0:00:00]} Ng5 {[%emt 0:00:00]} 46. Qc1 {[%emt 0:00:00]} Ne4 47. Qb1 {[%emt 0:00:00]} Ng5 48. Bxb4 {[%emt 0:00:12]} Bxe5 49. Qf5 {[%emt 0:00:08]} Nxf3 {[%emt 0:03:47]} 50. Qxf3 {[%emt 0:00:10]} Qxf3+ {[%emt 0:00:24]} 51. Kxf3 {[%emt 0:46:30]} Bxa1 {[%emt 0:00:20]} 52. Bxf8 {[%emt 0:00:00]} Kxf8 53. Rxa1 {[%emt 0:00:00]} Ke7 {[%emt 0:00:53]} 54. Re1+ {[%emt 0:00:00]} Kd6 {[%emt 0:00:04]} 55. Ra1 {[%emt 0:00:00]} Ke7 {[%emt 0:00:56]} 56. Re1+ {[%emt 0:00:00]} Kd6 {[%emt 0:00:04]} 57. Ra1 {[%emt 0:00:00]} Ke7 {[%emt 0:00:56]} 58. Re1+ {[%emt 0:00:00]} Kd6 {[%emt 0:00:04]} 59. Re3 {[%emt 0:00:00]} Kd5 {[%emt 0:00:00]} 60. Re1 {[%emt 0:00:00]} Kd6 {[%emt 0:01:00]} 61. Re3 {[%emt 0:00:00]} Kd5 {[%emt 0:00:19]} 62. Re7 {[%emt 0:00:00]} Kd6 {[%emt 0:00:41]} 63. Re3 {[%emt 0:00:00]} Kd5 {[%emt 0:00:19]} 64. Re7 {[%emt 0:00:00]} Kd6 {[%emt 0:00:41]} 65. Re3 {[%emt 0:00:00]} Kd5 {[%emt 0:00:19]} 66. Re7 {[%emt 0:00:00]} Kd6 {[%emt 0:00:41]} 67. Re3 {[%emt 0:00:00]} Kd5 {[%emt 0:00:19]} 68. Re7 {[%emt 0:00:00]} Kd6 {[%emt 0:00:41]} 69. Re3 {[%emt 0:00:00]} Kd5 {[%emt 0:00:19]} 70. Re7 {[%emt 0:00:00]} Kd6 {[%emt 0:00:41]} 71. Re3 {[%emt 0:00:00]} Kd5 {[%emt 0:00:19]} 72. Re7 {[%emt 0:00:00]} Kd6 {[%emt 0:00:41]} 73. Re3 {[%emt 0:00:00]} Kd5 {[%emt 0:00:19]} 74. Re7 {[%emt 0:00:00]} Kd6 {[%emt 0:00:41]} 75. Re3 {[%emt 0:00:00]} Kd5 {[%emt 0:00:19]} 76. Re7 {[%emt 0:00:00]} Kd6 {[%emt 0:00:41]} 77. Re3 {[%emt 0:00:00]} Kd5 {[%emt 0:00:19]} 78. Re7 {[%emt 0:00:00]} Kd6 {[%emt 0:00:41]} 79. Re3 {[%emt 0:00:00]} Kd5 {[%emt 0:00:19]} 80. Re7 {[%emt 0:00:00]} Kd6 {[%emt 0:00:41]} 81. Re3 {[%emt 0:00:00]} Kd5 {[%emt 0:00:19]} 82. Re7 {[%emt 0:00:00]} Kd6 {[%emt 0:00:41]} 83. Re3 {[%emt 0:00:00]} Kd5 {[%emt 0:00:19]} 84. Re7 {[%emt 0:00:00]} Kd6 {[%emt 0:00:41]} 85. Re3 {[%emt 0:00:00]} Kd5 {[%emt 0:00:19]} 86. Re7 {[%emt 0:00:00]} Kd6 {[%emt 0:00:41]} 87. Re3 {[%emt 0:00:00]} Kd5 {[%emt 0:00:19]} 88. Re7 {[%emt 0:00:00]} Kd6 {[%emt 0:00:41]} 89. Re3 {[%emt 0:00:00]} Kd5 {[%emt 0:00:19]} 90. Re7 {[%emt 0:00:00]} Kd6 {[%emt 0:00:41]} 91. Re3 {[%emt 0:00:00]} Kd5 {[%emt 0:00:19]} 92. Re7 {[%emt 0:00:00]} 1-0